000 00764nam a2200289Ia 4500
005 20260324150013.0
008 008 260324s9999 xx 000 0 eng d
020 _a9780429490453
037 _aEBOOK
040 _aCRL
040 _beng
040 _cCRL
041 _2eng
041 _aeng
084 _qCRL
100 _aDavid Parkin
_91224931
245 0 _aTown and Country in Central and Eastern Africa
245 0 _bStudies Presented and Discussed at the Twelfth International African Seminar, Lusaka, September 1972
260 _bTaylor and Francis
260 _c1975
365 _a
365 _b205
856 _uhttp://www.taylorfrancis.com/books/9780429490453
942 _cEBOOK
999 _c1833655
_d1833655